| 000 | 00947nmm a2200301 a 4500 | ||
|---|---|---|---|
| 003 | AR-BaBNM | ||
| 005 | 20251128211534.0 | ||
| 008 | 154120s2000 ||||||||||||||000 | spa|| | ||
| 020 | _a950-538-012-1 | ||
| 040 | _cAR-BaBNM | ||
| 245 | 1 | 0 |
_aLa enseñanza de la filosofía en debate _bcoloquio internacional sobre la enseñanza de la filosofía |
| 250 | _a1ª ed. | ||
| 260 |
_aBuenos Aires _bFondo de Cultura Económica _c2000 |
||
| 300 | _a205 p. | ||
| 504 | _aContiene referencias bibliográficas al final de cada capítulo | ||
| 650 | 4 | _aENSENANZA DE LA FILOSOFIA | |
| 650 | 4 | _aFORMACION DE CONCEPTOS | |
| 650 | 4 | _aENSENANZA UNIVERSITARIA | |
| 650 | 4 | _aFORMACION DE DOCENTES | |
| 650 | 4 | _aPLAN DE ESTUDIOS | |
| 651 | 4 | _aBrasil | |
| 653 | _aEDUCACION SECUNDARIA | ||
| 653 | _aPSICOLOGIA COGNITIVA | ||
| 700 | 1 |
_aObiols, Guillermo A. _ecompilador |
|
| 700 | 1 |
_aRabossi, Eduardo _ecompilador |
|
| 942 | _cBK | ||
| 998 | _craquel | ||
| 999 |
_c20090 _d20090 |
||